[Event "MI Nov-Dec TNM u1800"]
[Site "San Francisco"]
[Date "2021.11.09"]
[Round "2.20"]
[White "Ginzberg, Adam"]
[Black "Olson, David"]
[Result "1-0"]
[WhiteElo "1540"]
[BlackElo "1400"]
[PlyCount "82"]
[EventDate "2021.??.??"]

1. e4 e6 2. d4 c5 3. Nf3 cxd4 4. c3 dxc3 5. Nxc3 Nc6 6. Bc4 Bb4 7. O-O Nge7 8.
Bg5 a6 9. a4 O-O 10. Qe2 Qc7 11. Rfd1 Ng6 12. Rac1 Nce5 13. Na2 Qa5 14. Nxb4
Nxf3+ 15. Qxf3 Qxg5 16. Bf1 a5 17. Na2 f5 18. Rc5 e5 19. Qb3+ Kh8 20. Nc3 f4
21. f3 Nh4 22. Nd5 d6 23. Rc2 Ra7 24. Kh1 Be6 25. Qb6 Raa8 26. Qxd6 Bxd5 27.
Rxd5 h5 28. Qxe5 Qxe5 29. Rxe5 g6 30. Kg1 Rfd8 31. Rd5 Rg8 32. Kf2 g5 33. Bc4
Rg7 34. g3 fxg3+ 35. hxg3 Ng6 36. Rxg5 h4 37. Rh5+ Rh7 38. Rxh7+ Kxh7 39. gxh4
Nxh4 40. Rd2 Rf8 41. Rd3 Rg8 1-0

[Event "MI Nov-Dec TNM u1800"]
[Site "San Francisco"]
[Date "2021.11.09"]
[Round "2.21"]
[White "Vaidyanathan, Ashwin"]
[Black "Tsolias, Georgios"]
[Result "1-0"]
[WhiteElo "1444"]
[BlackElo "1511"]
[PlyCount "69"]
[EventDate "2021.??.??"]

1. e4 e6 2. c4 d5 3. cxd5 exd5 4. e5 c5 5. d4 Nc6 6. Be3 Qb6 7. dxc5 Qxb2 8.
Nd2 Qxe5 9. Ngf3 Qe7 10. Bb5 Bd7 11. O-O Nf6 12. Bxc6 Bxc6 13. Re1 Bd7 14. Rb1
Be6 15. Bd4 Qd7 16. Ng5 Be7 17. Nxe6 fxe6 18. Qe2 Kf7 19. Nf3 Qc8 20. Ng5+ Kg6
21. Nxe6 Ne4 22. Qg4+ Bg5 23. h4 h5 24. Nf4+ Kf7 25. Qxc8 Raxc8 26. hxg5 Rc7
27. Nxd5 Rd7 28. Rxe4 Rxd5 29. Rxb7+ Kg6 30. Rxg7+ Kf5 31. f3 Rb8 32. c6 Rdd8
33. Re5+ Kf4 34. Rf7+ Kg3 35. Bf2# 1-0

[Event "MI Nov-Dec TNM u1800"]
[Site "San Francisco"]
[Date "2021.11.09"]
[Round "2.22"]
[White "Allen, Ronald"]
[Black "Anderson, Benjamin"]
[Result "1-0"]
[WhiteElo "1501"]
[BlackElo "1172"]
[PlyCount "81"]
[EventDate "2021.??.??"]

1. d4 f5 2. c4 e6 3. g3 Nf6 4. Bg2 Be7 5. Nf3 O-O 6. O-O d6 7. Nc3 Ne4 8. Ne1
Nxc3 9. bxc3 c6 10. Nd3 Nd7 11. a4 a5 12. Ba3 Nf6 13. c5 d5 14. Ne5 Nd7 15. Nd3
Bf6 16. Qc2 e5 17. c4 e4 18. Nf4 Re8 19. cxd5 cxd5 20. Nxd5 Bxd4 21. Qc4 Bxa1
22. Nf6+ Kh8 23. Nxe8 Qxe8 24. Rxa1 Ne5 25. Qc3 Nc6 26. Bb2 Qe7 27. Rd1 Be6 28.
Rd6 Bd7 29. h4 Nd8 30. h5 Ne6 31. h6 Rc8 32. hxg7+ Kg8 33. Qf6 Qxf6 34. Bxf6
Rc7 35. Bh3 Nxg7 36. Bd8 Rxc5 37. Rxd7 Rc4 38. Rxb7 Rxa4 39. Ra7 Ra1+ 40. Kg2
a4 41. Bf6 1-0

[Event "MI Nov-Dec TNM u1800"]
[Site "San Francisco"]
[Date "2021.11.09"]
[Round "2.23"]
[White "Stallworth, Deandre"]
[Black "Starr, Albert"]
[Result "0-1"]
[WhiteElo "1399"]
[BlackElo "1500"]
[PlyCount "76"]
[EventDate "2021.??.??"]

1. c4 g6 2. Nc3 Bg7 3. g3 Nf6 4. Bg2 O-O 5. e4 d6 6. Nge2 Na6 7. O-O c5 8. d3
Rb8 9. h3 b6 10. Be3 Bb7 11. Qd2 e6 12. Bg5 Qc8 13. Bf4 Rd8 14. Nb5 Qd7 15.
Nxd6 Nh5 16. Nxb7 Rxb7 17. e5 Nxf4 18. Bxb7 (18. gxf4 $16) 18... Nxe2+ 19. Qxe2
Qxb7 20. Rad1 Nb4 21. a3 Nc6 22. f4 Nd4 23. Qg2 Qd7 24. b4 Nf5 25. Qf2 cxb4 26.
axb4 Bf8 27. g4 Nd4 28. b5 Bc5 29. Kh1 Nxb5 30. Qg2 Nd4 31. Qa2 a5 32. h4 Be7
33. Qf2 Qc6+ 34. Kh2 Qc5 35. Qg3 Nc2 36. Rc1 Ne3 37. Rfe1 Rxd3 38. Rcd1 Nf1+
0-1

[Event "MI Nov-Dec TNM u1800"]
[Site "San Francisco"]
[Date "2021.11.09"]
[Round "2.24"]
[White "Chan, John"]
[Black "Chanoff, Eli"]
[Result "0-1"]
[WhiteElo "1500"]
[BlackElo "839"]
[PlyCount "60"]
[EventDate "2021.??.??"]

1. d4 Nf6 2. Nf3 d5 3. c3 Bf5 4. h3 Nbd7 5. e3 e6 6. Nbd2 c5 7. Be2 Bd6 8. b3
O-O 9. O-O Qc7 10. Bb2 e5 11. dxe5 Nxe5 12. Nxe5 Bxe5 13. Nf3 Rad8 14. Qe1 Bd6
15. Rc1 c4 16. Nd4 Be4 17. b4 a6 18. Qd1 Rfe8 19. Bf3 Bd3 20. Re1 Ne4 21. Bxe4
dxe4 22. Qg4 Be5 23. Nf5 Re6 24. Kh1 g6 25. a4 Rf6 26. Nh6+ Kg7 27. Qh4 Rd5 28.
Ng4 Rf5 29. Ba3 Rh5 30. Qe7 Qxe7 0-1

[Event "MI Nov-Dec TNM u1800"]
[Site "San Francisco"]
[Date "2021.11.09"]
[Round "2.25"]
[White "Rex, Tobiahs"]
[Black "Sawhney, Yuvraj"]
[Result "1/2-1/2"]
[WhiteElo "1278"]
[BlackElo "1593"]
[PlyCount "37"]
[EventDate "2021.??.??"]

1. c4 e5 2. Nc3 Nf6 3. g3 c6 4. Nf3 e4 5. Nd4 d5 6. cxd5 cxd5 7. Bg2 Bc5 8. Nb3
Bb6 9. O-O O-O 10. d3 Bf5 11. Bg5 exd3 12. Bxd5 dxe2 13. Qxe2 Nc6 14. Rad1 Qe7
15. Qxe7 Nxe7 16. Bxf6 gxf6 17. Bxb7 Rab8 18. Bf3 Ng6 19. Rd6 {The only
scoresheet now says "19...Re5 20.Bf4 Bxf4 21.Nxf4 Nc4 22.Rc6 Nxb2..." 1/2, 58.}
1/2-1/2

[Event "MI Nov-Dec TNM Extra Game"]
[Site "San Francisco"]
[Date "2021.11.09"]
[Round "2.27"]
[White "Atroshchenko, Ian"]
[Black "Massop, Daniel"]
[Result "1/2-1/2"]
[WhiteElo "1135"]
[BlackElo "1600"]
[PlyCount "69"]
[EventDate "2021.??.??"]

1. e4 c5 2. Nf3 Nc6 3. Bb5 a6 4. Bxc6 bxc6 5. d4 cxd4 6. Nxd4 Nf6 7. Nc3 e5 8.
Nf3 Bb4 9. Nxe5 Qa5 10. Qd4 Bxc3+ 11. bxc3 O-O 12. O-O Re8 13. f4 d5 14. Nxc6
Qc7 15. exd5 Bb7 16. Nb4 Rad8 17. c4 Re4 18. Qd3 Qb6+ 19. Kh1 Qxb4 20. Ba3 Qxc4
21. Qxc4 Rxc4 22. d6 Rxc2 23. Rg1 Ne4 24. h3 Nxd6 25. Rad1 Rc6 26. Rd2 Kf8 27.
Rgd1 Ke7 28. Re1+ Kd7 29. Red1 Kc7 30. Bb4 Rd7 31. Ba5+ Kc8 32. Bb4 g6 33. Rxd6
Rcxd6 34. Rxd6 Rxd6 35. Bxd6 {nonsense moves: 1/2 41.} 1/2-1/2

[Event "MI Nov-Dec TNM u1800"]
[Site "San Francisco"]
[Date "2021.11.09"]
[Round "2.28"]
[White "Casares Jr, Nick"]
[Black "Gu, Thomas"]
[Result "1-0"]
[WhiteElo "1600"]
[BlackElo "997"]
[PlyCount "63"]
[EventDate "2021.??.??"]

1. e4 c5 2. Nf3 Nc6 3. d4 cxd4 4. Nxd4 Nf6 5. Nc3 e5 6. Ndb5 d6 7. Nd5 Nxd5 8.
exd5 Ne7 9. Bc4 a6 10. Nc3 b5 11. Bb3 Bb7 12. a3 g6 13. Bg5 Bg7 14. Ne4 O-O 15.
Qd2 f6 16. Bh6 a5 17. Bxg7 Kxg7 18. g4 b4 19. a4 f5 20. Ng5 Rf6 21. O-O-O Qc7
22. h4 Rc8 ({It says} 22... Re8) 23. h5 Nxd5 24. hxg6 Kxg6 25. gxf5+ Rxf5 26.
Ne6 Qb6 27. Rdg1+ Kf7 28. Qh6 Rxc2+ 29. Bxc2 Rxf2 30. Rg7+ Ke8 31. Qh5+ Rf7 32.
Qxf7# 1-0

[Event "MI Nov-Dec TNM u1800"]
[Site "San Francisco"]
[Date "2021.11.09"]
[Round "2.29"]
[White "Long, Matt"]
[Black "Chandramouli, Prasanna"]
[Result "1-0"]
[WhiteElo "1478"]
[BlackElo "921"]
[PlyCount "53"]
[EventDate "2021.??.??"]

1. e4 e5 2. Nf3 Nc6 3. d4 exd4 4. Nxd4 Nxd4 5. Qxd4 d6 6. Nc3 Be6 7. Be2 Nf6 8.
h3 Be7 9. Be3 O-O 10. O-O-O Qd7 11. f4 c5 12. Qd2 Qc7 13. f5 Bxa2 14. Nxa2 Nxe4
15. Qd3 Ng3 16. Rhe1 Qa5 17. Kb1 Qb6 18. Bxc5 Qxc5 19. Qxg3 Qxf5 20. Bd3 Qh5
21. Bxh7+ Kxh7 22. Qd3+ g6 23. Rxe7 Qg5 24. Qe4 b6 25. Rxd6 Kg8 26. Rdd7 f5 27.
Rg7+ 1-0

[Event "MI Nov-Dec TNM u1800"]
[Site "San Francisco"]
[Date "2021.11.09"]
[Round "2.32"]
[White "Chambers, Don"]
[Black "Brickhouse, Christian"]
[Result "1-0"]
[WhiteElo "1219"]
[BlackElo "452"]
[PlyCount "71"]
[EventDate "2021.??.??"]

1. e4 c5 2. Bc4 e6 3. Nf3 Nc6 4. d4 cxd4 5. Nxd4 Nf6 6. Nc3 Bc5 7. Be3 d6 8.
Nxc6 Qb6 9. Bxc5 Qxc5 10. e5 Qxc6 11. Bb5 Qxb5 12. Nxb5 dxe5 13. Nc7+ Ke7 14.
Nxa8 Nd5 15. Qf3 f5 16. Qa3+ Kf6 17. Qxa7 Nb4 18. Qc5 Na6 19. Qc4 Rd8 20. Qh4+
g5 21. Qxh7 Rd4 22. O-O Rh4 23. Qg8 Bd7 24. Qd8+ Kg6 25. Qxd7 Nc5 26. Qe8+ Kf6
27. Qf8+ Kg6 28. Qxc5 e4 29. Qe5 Kf7 30. Nc7 Rh6 31. Rad1 Rh7 32. Rd7+ Kg6 33.
Qxe6+ Kh5 34. Rxh7+ Kg4 35. h3+ Kf4 36. Nd5# 1-0

[Event "MI Nov-Dec TNM u1800"]
[Site "San Francisco"]
[Date "2021.11.09"]
[Round "2.33"]
[White "Dayton, Cathal"]
[Black "Gimelfarb, Natan"]
[Result "1-0"]
[WhiteElo "784"]
[BlackElo "1125"]
[PlyCount "51"]
[EventDate "2021.??.??"]

1. d4 Nf6 2. Nf3 c6 3. e3 d5 4. c4 Bg4 5. Be2 e6 6. Ne5 Bxe2 7. Qxe2 Bb4+ 8.
Bd2 Qb6 9. O-O Bxd2 10. Nxd2 Qxb2 11. Rfb1 Qc3 12. Rc1 Qa5 13. Nb3 Qb4 14. Rab1
O-O 15. Nc5 Qa5 16. Nxb7 Qc7 17. c5 Ne4 18. Nd6 Qa5 19. Nxe4 dxe4 20. h3 f6 21.
Nc4 Qc7 22. Nd6 e5 23. Qg4 exd4 24. Rb7 Qxb7 25. Nxb7 d3 26. Qxe4 1-0